[Event "Wch U16 Girls"]
[Site "Mamaia"]
[Date "2022.09.09"]
[Round "4"]
[White "Zabrzanska, Weronika"]
[Black "Manko, Mariya"]
[Result "1/2-1/2"]
[WhiteElo "1919"]
[BlackElo "2082"]
[PlyCount "38"]
[EventDate "2022.09.06"]
[EventType "swiss"]
[EventRounds "11"]
[EventCountry "ROU"]
[SourceTitle "CBM 210 Extra"]
[Source "ChessBase"]
[SourceDate "2022.11.30"]
[SourceVersion "1"]
[SourceVersionDate "2022.11.30"]
[SourceQuality "1"]

1. e4 c5 2. c3 d5 3. exd5 Qxd5 4. d4 Nc6 5. Nf3 Bf5 6. Be2 cxd4 7. cxd4 Bxb1 8. Rxb1 Nf6 9. 0-0 e6 10. b4 Bd6 11. b5 Ne7 12. Rb3 0-0 13. Ne5 Nf5 14. Bb2 Nh4 15. Nf3 Ng6 16. Ne5 Nh4 17. Nf3 Ng6 18. Ne5 Nh4 19. Nf3 Ng6 1/2-1/2

[Event "POL-ch U16 Girls"]
[Site "Sypniewo"]
[Date "2022.03.23"]
[Round "5"]
[White "Zabrzanska, Weronika"]
[Black "Barwinska, Ewa"]
[Result "1/2-1/2"]
[WhiteElo "1942"]
[BlackElo "1848"]
[PlyCount "62"]
[EventDate "2022.03.19"]
[EventType "swiss"]
[EventRounds "9"]
[EventCountry "POL"]
[SourceTitle "CBM 207 Extra"]
[Source "ChessBase"]
[SourceDate "2022.05.31"]
[SourceVersion "1"]
[SourceVersionDate "2022.05.31"]
[SourceQuality "1"]

1. e4 c5 2. c3 Nf6 3. e5 Nd5 4. Nf3 d6 5. d4 cxd4 6. Qxd4 e6 7. Nbd2 Nc6 8. Bb5 Bd7 9. Bxc6 Bxc6 10. Nc4 dxe5 11. Ncxe5 Nf6 12. 0-0 Bxf3 13. Nxf3 Qxd4 14. Nxd4 Bc5 15. Nb3 Bb6 16. Bf4 Ke7 17. a4 Nd5 18. Bd2 Bc7 19. c4 Nf4 20. Bb4+ Kf6 21. Rfd1 Rhd8 22. g3 Nd3 23. Ba3 Be5 24. Rd2 Rd7 25. Rad1 Rad8 26. Kf1 Bc7 27. f4 e5 28. Ke2 e4 29. Ke3 Kf5 30. Nc1 Bb6+ 31. c5 Nxc5 1/2-1/2

[Event "POL-ch U16 Girls"]
[Site "Sypniewo"]
[Date "2022.03.19"]
[Round "1"]
[White "Zabrzanska, Weronika"]
[Black "Pudelko, Magdalena"]
[Result "1-0"]
[WhiteElo "1942"]
[BlackElo "1407"]
[PlyCount "74"]
[EventDate "2022.03.19"]
[EventType "swiss"]
[EventRounds "9"]
[EventCountry "POL"]
[SourceTitle "CBM 207 Extra"]
[Source "ChessBase"]
[SourceDate "2022.05.31"]
[SourceVersion "1"]
[SourceVersionDate "2022.05.31"]
[SourceQuality "1"]

1. e4 e6 2. d4 d5 3. exd5 exd5 4. Nf3 Bd6 5. Bd3 Nc6 6. 0-0 Bg4 7. c3 Nge7 8. h3 Bh5 9. Re1 Qd7 10. b4 Nd8 11. Nbd2 Ne6 12. a4 Bf4 13. Be2 Bg6 14. Ne5 Bxe5 15. dxe5 Nf4 16. Nb3 Nxe2+ 17. Qxe2 0-0 18. Nc5 Qc8 19. Bg5 b6 20. Bxe7 Re8 21. Bh4 bxc5 22. bxc5 Qe6 23. Rad1 c6 24. Rd2 Rab8 25. Rb2 Rxb2 26. Qxb2 f6 27. Bg3 Qf5 28. e6 Rxe6 29. Qb8+ Be8 30. Rxe6 Qxe6 31. Qxa7 h6 32. a5 Qe1+ 33. Kh2 Qxc3 34. Qb8 Qxc5 35. Qxe8+ Kh7 36. a6 d4 37. Qd7 Qb6 1-0

[Event "Wch Blitz (Women)"]
[Site "Warsaw"]
[Date "2021.12.30"]
[Round "11"]
[White "Goraj, Barbara"]
[Black "Zabrzanska, Weronika"]
[Result "1-0"]
[WhiteElo "2044"]
[BlackElo "1923"]
[PlyCount "80"]
[EventDate "2021.12.29"]
[EventType "swiss (blitz)"]
[EventRounds "17"]
[EventCountry "POL"]
[SourceTitle "CBM 205 Extra"]
[Source "ChessBase"]
[SourceDate "2022.01.31"]
[SourceVersion "1"]
[SourceVersionDate "2022.01.31"]
[SourceQuality "1"]

1. c4 e6 2. Nf3 d5 3. g3 Nf6 4. Bg2 Be7 5. 0-0 0-0 6. b3 c5 7. Bb2 Nc6 8. e3 Rb8 9. Nc3 b6 10. cxd5 Nxd5 11. Nxd5 exd5 12. d4 Qd6 13. Qe2 Bg4 14. h3 Bh5 15. Qd2 Rfd8 16. Rac1 Rbc8 17. Ba3 Bxf3 18. Bxf3 Qf6 19. Bg4 Ra8 20. dxc5 Ne5 21. Qd4 g6 22. Be2 Qe6 23. Kh2 Rac8 24. b4 a5 25. cxb6 axb4 26. Bb2 Bf6 27. Qxb4 Rb8 28. Bd4 Nc6 29. Rxc6 Qxc6 30. Rb1 Qd6 31. Qb2 Bxd4 32. Qxd4 Rd7 33. a4 Rdb7 34. a5 Kf8 35. Ba6 Qa3 36. Bxb7 Rxb7 37. Qh8+ Ke7 38. Qc8 Rd7 39. b7 Qa2 40. Rf1 Qe2 1-0

[Event "Wch Blitz (Women)"]
[Site "Warsaw"]
[Date "2021.12.30"]
[Round "13"]
[White "Rudzinska, Michalina"]
[Black "Zabrzanska, Weronika"]
[Result "1-0"]
[WhiteElo "2215"]
[BlackElo "1923"]
[PlyCount "41"]
[EventDate "2021.12.29"]
[EventType "swiss (blitz)"]
[EventRounds "17"]
[EventCountry "POL"]
[SourceTitle "CBM 205 Extra"]
[Source "ChessBase"]
[SourceDate "2022.01.31"]
[SourceVersion "1"]
[SourceVersionDate "2022.01.31"]
[SourceQuality "1"]

1. e4 e5 2. Nf3 Nc6 3. Bb5 a6 4. Ba4 Nf6 5. d3 b5 6. Bb3 d6 7. c3 Be7 8. 0-0 0-0 9. Re1 h6 10. Nbd2 Re8 11. Nf1 Bf8 12. Ng3 Ne7 13. Nh4 Bb7 14. Qf3 Nc6 15. Ngf5 g5 16. Ng6 Na5 17. Nxf8 Rxf8 18. Nxh6+ Kg7 19. Bxg5 Nxb3 20. axb3 Rh8 21. Ng4 1-0

[Event "Wch Blitz (Women)"]
[Site "Warsaw"]
[Date "2021.12.29"]
[Round "7"]
[White "Kolaric, Spela"]
[Black "Zabrzanska, Weronika"]
[Result "1-0"]
[WhiteElo "2185"]
[BlackElo "1923"]
[PlyCount "97"]
[EventDate "2021.12.29"]
[EventType "swiss (blitz)"]
[EventRounds "17"]
[EventCountry "POL"]
[SourceTitle "CBM 205 Extra"]
[Source "ChessBase"]
[SourceDate "2022.01.31"]
[SourceVersion "1"]
[SourceVersionDate "2022.01.31"]
[SourceQuality "1"]

1. e4 e5 2. Nf3 Nc6 3. d4 exd4 4. Bc4 Nf6 5. 0-0 Nxe4 6. Re1 d5 7. Bxd5 Qxd5 8. Nc3 Qh5 9. Nxe4 Be6 10. Neg5 0-0-0 11. Nxe6 fxe6 12. Rxe6 Bc5 13. Bd2 Rhe8 14. Qe2 h6 15. Re1 Rf8 16. a3 g5 17. b4 Bb6 18. Qd3 g4 19. Rxh6 Qf7 20. Rh7 Qf5 21. Qxf5+ Rxf5 22. Nh4 Rff8 23. Ng6 Rf6 24. Nf4 Rdf8 25. Nd3 a5 26. b5 Nd8 27. Bg5 Rf5 28. Bxd8 Kxd8 29. a4 c6 30. bxc6 bxc6 31. Rh6 Kc7 32. Re7+ Kd8 33. Rb7 Bc7 34. Rxc6 Kc8 35. Rcxc7+ Kd8 36. Rd7+ Kc8 37. Rdc7+ Kd8 38. Rc4 R5f6 39. Rxd4+ Kc8 40. Rb5 Re8 41. g3 Re7 42. Rxa5 Kb7 43. Rb4+ Kc8 44. Rab5 Kd7 45. Rb7+ Ke6 46. Re4+ Kf5 47. Rexe7 Ra6 48. Rb5+ Kf6 49. Rc7 1-0